Možnosti stanovení věku peptidovým mapováním nekolagenních proteinů lidského dentinu

Bibliographic Details
Main Authors: Kotrbová, A.-Kozak (Author), Pilin, A. (Author), Sajdok, J. (Author)
Format: Article
Language:Czech

MARC

LEADER 00000nab a2200000uu 4500
001 vtls011139408
003 SK-MaSNL
005 20260303131256.0
008 230218|2001 xo |||||||||||||||||cze|
015 |a SNBRB 
035 |a (urnnbn)urn:nbn:sk:snk:ar-007wrz 
035 |a (uuid)d4c88278-afa9-44fc-9bfa-a5cec22e4b06 
035 |a urn:nbn:sk:snk-abarkx 
040 |a SNKBUCL  |b slo  |c SNKBUCL  |e AACR2 
041 0 |a cze 
044 |a xo  |c SK 
100 1 |a Kotrbová, A.-Kozak  |4 aut  |9 1147817 
245 1 0 |a Možnosti stanovení věku peptidovým mapováním nekolagenních proteinů lidského dentinu  |c A. Kotrbová-Kozak, A. Pilin, J. Sajdok 
700 1 |a Pilin, A.  |4 aut  |9 1144067 
700 1 |a Sajdok, J.  |4 aut  |9 1144070 
773 0 |t Česko-slovenská patologie a Soudní lékařství : časopis Společnosti patologů a společnosti soudního lékařství  |g Roč. 37/46, č. 1 (2001), s. 5-8 
954 |a odborná, vedecká literatúra cudzojazyčná (svetová)  |2 lita 
958 |a OND 
958 |a EUIPO 
958 |a article14 
999 |c 1944404  |d 1946334